| 000 | 01144nam a2200217 i 4500 | ||
|---|---|---|---|
| 001 | 81513 | ||
| 003 | ES-MaACL | ||
| 005 | 20250607063023.0 | ||
| 007 | t| | ||
| 008 | 041104s1913 sp ||||1| spa d | ||
| 100 | 1 |
_aHurtado de Mendoza, Diego, _d1503-1575 _9149494 |
|
| 245 | 1 | 0 |
_aCarta del Bachiller de Arcadia y respuesta del Capitán Salazar / _c[atribuídas a Diego Hurtado de Mendoza ; edición crítica con introducción y notas por Lucas de Torre]. |
| 260 |
_aMadrid : _b[s,.n.], _c1913 ( _fTip. de la "Revista de Archivos, Bibl. y Museos") |
||
| 300 |
_a44 p. ; _c24 cm. |
||
| 500 | _aEn port: "De la Revista de Archivos, Bibliotecas y Museos" | ||
| 500 | _aEl texto de los dos ejemplares es idéntico, difieren en la cubierta. El ejemplar T-1360-F-1 figura la mención de responsabilidad reproducida entre corchetes. En ambos ejemplares, precede al título, el nombre del autor de la edición crítica como Lucas de Torres. | ||
| 700 | 1 |
_aTorre, Lucas de. _9110748 |
|
| 852 |
_aES-MaACL _jT-1360-F-1 _zDed. manuscrita del autor |
||
| 852 |
_aES-MaACL _jT-1398-F-1 _z.- Ded. manuscrita del autor |
||
| 999 |
_c81513 _d81513 |
||